000 00809cam a22002657a 4500
003 CHAP
005 20220329140318.0
008 971013s r 00010 d
010 _a50211
011 _a51183
035 _a55333
040 _cCHAP
090 _aMP-153
100 0 0 _aPillai, K. M.
_988071
245 1 0 _aEffect of micronutrients along with N.P.K. fertilizer on yield of brinjal and chillies
500 _aSobretiro de: Fert. News 12(4) : 24-29, 1967.
590 _aBATCH-UPD
_b10
_c20130110
_lUCH01
_h0529
590 _aBATCH-UPD
_b10
_c20130110
_lUCH01
_h2333
590 _aCONVERSION
_b10
_c20130109
_lUCH01
_h1327
650 1 4 _aElementos menores.
_936257
650 1 4 _aFertilizantes para chile.
_940615
901 _aBK
942 _cMP
949 _aMP-153
_bBC
_cMP
_d-121467
_eMP
_i55333
_si
999 _c50211
_d50211